Návrh reaktora a separačných jednotiek na výrobu butyl esteru kyseliny octovej

Enregistré dans:
Détails bibliographiques
Auteur principal: Chmúrny, Rastislav (Auteur)
Autres auteurs: Labovská, Zuzana (Directeur de thèse)
Format: Manuscrit Livre
Langue:slovaque
Publié: 2019
Sujets:
Accès en ligne:http://is.stuba.sk/zp/portal_zp.pl?podrobnosti=135856
Tags: Ajouter un tag
Pas de tags, Soyez le premier à ajouter un tag!

MARC

LEADER 00000ntm a22000003a 4500
001 stuzp75056
003 SK-STU
005 20190622212846.0
007 ta
008 150427s2015----xo-----f-mn---000-0-slo-d
040 |a STU  |b slo 
041 0 |a slo 
100 1 |a Chmúrny, Rastislav  |u 046230  |4 aut  |U FCHPT Ústav chemického a environmentálneho inžinierstva  |T FCHPT Oddelenie chemického a biochemického inžinierstva  |X 86838  |U C6230  |Y 119  |7 86838 
242 0 1 |a Design of Reactor and Separation Units for Butyl Acetate Production  |y eng 
245 1 0 |a Návrh reaktora a separačných jednotiek na výrobu butyl esteru kyseliny octovej 
260 |c 2019 
650 4 |a esterifikácia  |2 slo 
650 4 |a pervaporácia  |2 slo 
650 4 |a butyl ester kyseliny octovej  |2 slo 
650 4 |a prietokový rúrový reaktor  |2 slo 
650 4 |a reaktívno-destilačná kolóna  |2 slo 
650 4 |a butyl acetate  |2 eng 
650 4 |a esterification  |2 eng 
650 4 |a pervaporation  |2 eng 
650 4 |a plug flow reactor  |2 eng 
650 4 |a reactive distillaton column  |2 eng 
700 1 |a Labovská, Zuzana  |u 046230  |k Z1  |4 ths  |U FCHPT Ústav chemického a environmentálneho inžinierstva  |T FCHPT Oddelenie chemického a biochemického inžinierstva  |X 10276  |U C6230  |Y 119  |7 A000010276 
856 4 |u http://is.stuba.sk/zp/portal_zp.pl?podrobnosti=135856